| 000 | 00369nam a22001337a 4500 | ||
|---|---|---|---|
| 008 | 160523b xxu||||| |||| 00| 0 eng d | ||
| 020 | _a9780781773485 | ||
| 020 | _a9780781773485 | ||
| 020 | _a0781773482 | ||
| 041 | _aeng | ||
| 080 | _a615 | ||
| 245 |
_aPractical pharmacology for the pharmacy technican: _cWolters Kluwer; Lippinott Williams Wilkins; |
||
| 942 |
_2udc _cBK |
||
| 999 |
_c2395 _d2395 |
||